Islam for Hindus (Record no. 23650)

MARC details
000 -LEADER
fixed length control field 00389cam a2200181 a 4500
020 ## - INTERNATIONAL STANDARD BOOK NUMBER
ISBN 9788124605165
020 ## - INTERNATIONAL STANDARD BOOK NUMBER
ISBN 8124605165
082 ## - DEWEY DECIMAL CLASSIFICATION NUMBER
Classification number 291
Author Cutter SHA
100 1# - MAIN ENTRY--AUTHOR NAME
Author name Sharma, Arvind.
245 10 - TITLE STATEMENT
Title Islam for Hindus
260 ## - PUBLICATION, DISTRIBUTION, ETC. (IMPRINT)
Place of publication New Delhi :
Name of publisher D.K. Printworld,
Year of publication 2009.
300 ## - PHYSICAL DESCRIPTION
Number of Pages 94 p. ;
650 #0 - SUBJECT ADDED ENTRY--TOPICAL TERM
Topical Term Islam.
650 #0 - SUBJECT ADDED ENTRY--TOPICAL TERM
Topical Term Islam
650 #0 - SUBJECT ADDED ENTRY--TOPICAL TERM
Topical Term Hinduism
942 ## - ADDED ENTRY ELEMENTS (KOHA)
Koha item type Books
Holdings
Home library Current library Shelving location Date acquired Full call number Accession Number Koha item type
Henry Martyn Institute Library Henry Martyn Institute Library General stacks 11/06/2025 291 SHA 023055 Books
                   Copyright © 2026 | Henry Martyn Institute | Hyderabad | TS-500052 | INDIA | Implemented by hmi.edu.in
Hit-Count:

Powered by Koha